000 00653nam a2200241Ia 4500
003 OSt
005 20220918220850.0
006 a|||||r|||| 00| 0
007 ta
008 220917b |||||||| |||| 00| 0 eng d
024 _a147,338
037 _cTextual
040 _aARTS
_cARTS
_beng
041 _2eng
_aeng
082 _aY5.53, M7
100 _aBoltanski Luc
_9138483
245 0 _aMaking of a class
_b Cadres in French society Tr by Arthur Goldhammer
260 _aCambridge
_bCUP
_c1987
300 _axii 397p.
_ccm.
650 _aSOCIOLOGY
942 _hY5.53, M7
_cTEXL
_2CC
999 _c270092
_d270092